Statistiques concernant Culture Générale - Série 249

Cliquez ici pour prendre le quiz!

Statistiques générales

  • Ce quiz a été pris 70 fois
  • Le résultat moyen est 4 sur 10

Statistiques - réponses

Question Réponse % Correct
Selon le proverbe, qu'est-ce qui passe quand les chiens aboient ?La caravane
88%
Quel animal répond au hibou selon la chanson : "Dans la forêt lointaine" ?Le coucou
69%
Quel nom porte l'étui dans lequel un archer range ses flèches ?Le carquois
65%
Selon les paroles du renard, qui vit "aux dépens de celui qui l'écoute" ?Le flatteur
49%
Des feuilles de quel arbuste le ver à soie se nourrit-il ?Le mûrier
45%
En 1970, à quel duo doit-on le titre : "Bridge Over Troubled Water" ?Simon & Garfunkel
35%
Quelle "heure" Sheila a-t-elle chantée en 1966 ?Heure de la sortie
32%
Quel sirop Richard Anthony chante-t-il en 1968 ?Le sirop typhon
28%
Qui est l'interprète de "Wild World" en 1970 ?Cat Stevens
17%
Quel comédien était le héros de la série "Destination danger" ?Patrick McGoohan
5%

Distribution des résultats

Percentile par nombre de réponses

% des personnes avec chaque résultat

Votre développement - résultats

Vous n’avez pas pris ce quiz